00410cam a2200169ua 45000010005000000080039000050200018000440400009000620820013000711000021000842450037001052500009001422600037001513000016001886530018002046530018002224100111214n ii |||gr||||Z||||||asm a81-86028-03-X cMAIN a891.4511 aGoswami, Dinesh,11aSamoysetupathcby Dinesh Goswami a1st. aGuwahati:bKotha Publishers,993. a55p:c23cm. aAssamese poem aSamoysetupath